[Event "USCL Week 9"]
[Site "Internet Chess Club"]
[Date "2011.10.24"]
[Round "?"]
[White "Smith, Shaun"]
[Black "Fisher, William"]
[Result "0-1"]
[WhiteElo "2081"]
[BlackElo "2369"]
[PlyCount "58"]
[EventDate "2011.??.??"]

1. d4 d5 2. c4 e5 3. dxe5 d4 4. Nf3 Nc6 5. a3 Be6 6. b3 f6 7. exf6 Nxf6 8. Bb2
Qd7 9. Nbd2 O-O-O 10. b4 Bd6 11. Qa4 a6 12. h3 Rhe8 13. O-O-O Bf4 14. Kb1 Bf5+
15. Ka1 Be6 16. g3 Bh6 17. g4 Bxd2 18. Nxd2 Nd5 19. Bg2 Nb6 20. Bxc6 Nxa4 21.
Bxd7+ Rxd7 22. Rc1 Bf7 23. Nf3 Nxb2 24. Kxb2 Rxe2+ 25. Rc2 Rxc2+ 26. Kxc2 Bg6+
27. Kd2 Be4 28. Ke2 Re7 29. Re1 Bxf3+ 0-1

[Event "USCL Week 9"]
[Site "Internet Chess Club"]
[Date "2011.10.24"]
[Round "?"]
[White "Bonin, Jay"]
[Black "Zaremba, Andrei"]
[Result "1-0"]
[WhiteElo "2438"]
[BlackElo "2417"]
[PlyCount "81"]
[EventDate "2011.??.??"]

1. d4 d5 2. Nf3 Nf6 3. c4 c6 4. Qb3 dxc4 5. Qxc4 Be6 6. Qc2 Bg4 7. Nbd2 Nbd7 8.
g3 Qa5 9. Bg2 e6 10. O-O Qh5 11. Nc4 Nb6 12. Nxb6 axb6 13. Ne5 Nd5 14. Nxg4
Qxg4 15. e4 Nb4 16. Qb3 b5 17. Bd2 Na6 18. a4 b4 19. d5 e5 20. dxc6 bxc6 21.
Qc4 Qe6 22. Qxe6+ fxe6 23. Be3 Bc5 24. Bxc5 Nxc5 25. Rac1 Nxa4 26. Bh3 c5 27.
Bxe6 Ke7 28. Bd5 Rac8 29. Ra1 Nb6 30. Ra7+ Kf6 31. Rfa1 Rb8 32. R1a6 Rhd8 33.
Rf7+ Kg6 34. Rc7 Rd6 35. Rxc5 Rbd8 36. Bb3 Kf6 37. Rb5 Nc8 38. Rxd6+ Rxd6 39.
f4 Rd4 40. Rxe5 g6 41. Re8 1-0

[Event "USCL Week 9"]
[Site "Internet Chess Club"]
[Date "2011.10.24"]
[Round "?"]
[White "Schoch, Ian"]
[Black "Krasik, Ilya"]
[Result "0-1"]
[WhiteElo "2292"]
[BlackElo "2264"]
[PlyCount "64"]
[EventDate "2011.??.??"]

1. d4 Nf6 2. c4 g6 3. Nc3 Bg7 4. e4 O-O 5. e5 Ne8 6. f4 d6 7. Nf3 c5 8. dxc5
Nc6 9. cxd6 exd6 10. Be2 Bf5 11. exd6 Nxd6 12. O-O Re8 13. Nd5 Rc8 14. Kh1 Na5
15. Nd4 Be4 16. Bf3 Rxc4 17. Nb3 Nxb3 18. Qxb3 Bc2 19. Qa3 Nb5 20. Qe3 Rxe3 21.
Nxe3 Qd3 22. Re1 Rc5 23. Nxc2 Qxc2 24. Be3 Bd4 25. b4 Bxa1 26. Bxc5 Bd4 27.
Re8+ Kg7 28. Bf8+ Kf6 29. g4 Qc1+ 30. Kg2 Qg1+ 31. Kh3 Qf1+ 32. Bg2 Qd3+ 0-1

[Event "USCL Week 9"]
[Site "Internet Chess Club"]
[Date "2011.10.24"]
[Round "?"]
[White "Bartholomew, John"]
[Black "Bartell, Tom"]
[Result "1/2-1/2"]
[WhiteElo "2499"]
[BlackElo "2405"]
[PlyCount "85"]
[EventDate "2011.??.??"]

1. c4 Nf6 2. g3 g6 3. Bg2 Bg7 4. Nc3 O-O 5. e4 d6 6. Nge2 c5 7. O-O Nc6 8. d3
Ne8 9. Be3 Nd4 10. Qd2 a6 11. Rab1 Bg4 12. f3 Bd7 13. b4 Nxe2+ 14. Nxe2 cxb4
15. Rxb4 b5 16. cxb5 axb5 17. Nc3 Nc7 18. Rc1 Na6 19. Rbb1 Rb8 20. Bf1 e6 21.
d4 Qa5 22. Nxb5 Qxd2 23. Bxd2 Bxb5 24. Bxb5 Bxd4+ 25. Kg2 Nc5 26. a4 Kg7 27. a5
Rfc8 28. Be1 Rc7 29. Rb4 e5 30. Be2 Rxb4 31. Bxb4 Rb7 32. Bxc5 Bxc5 33. Rc2 f5
34. Bc4 Kf6 35. a6 Rb4 36. Bd5 Ra4 37. Ra2 Rxa2+ 38. Bxa2 f4 39. h4 fxg3 40.
Kxg3 h5 41. Bd5 Bb6 42. Bc4 Bc5 43. Bd5 1/2-1/2

[Event "USCL Week 9"]
[Site "Internet Chess Club"]
[Date "2011.10.24"]
[Round "?"]
[White "Sammour-Hasbun, Jorge"]
[Black "Kaufman, Larry"]
[Result "1-0"]
[WhiteElo "2604"]
[BlackElo "2467"]
[PlyCount "75"]
[EventDate "2011.??.??"]

1. e4 e5 2. Nf3 Nc6 3. Bb5 a6 4. Ba4 Nf6 5. O-O Be7 6. Re1 b5 7. Bb3 d6 8. c3
O-O 9. d4 Bg4 10. Be3 exd4 11. cxd4 d5 12. e5 Ne4 13. h3 Bh5 14. Nc3 Nxc3 15.
bxc3 Na5 16. Bc2 Nc4 17. g4 Bg6 18. Bf5 a5 19. Bf4 b4 20. h4 Bxh4 21. Kg2 Be7
22. Rh1 Ra6 23. Qg1 Bxf5 24. gxf5 Qd7 25. Rh5 g5 26. Kh2 Qxf5 27. Bxg5 Rg6 28.
Nh4 Qe6 29. f4 Bxg5 30. Rxg5 Qe7 31. cxb4 axb4 32. Nf5 Qd8 33. Rh5 h6 34. Rxh6
Qd7 35. Rxg6+ fxg6 36. Qxg6+ Kh8 37. Kg3 Qh7 38. Rh1 1-0

[Event "USCL Week 9"]
[Site "Internet Chess Club"]
[Date "2011.10.24"]
[Round "?"]
[White "Panchanathan, Magesh"]
[Black "Stripunsky, Alex"]
[Result "0-1"]
[WhiteElo "2565"]
[BlackElo "2694"]
[PlyCount "118"]
[EventDate "2011.??.??"]

1. e4 c5 2. Nf3 e6 3. d4 cxd4 4. Nxd4 a6 5. Bd3 Nf6 6. c4 Nc6 7. Nb3 Bb4+ 8.
Nc3 d5 9. exd5 exd5 10. cxd5 Qxd5 11. O-O Bxc3 12. bxc3 Ne5 13. Bc2 O-O 14. Ba3
Re8 15. Qxd5 Nxd5 16. Rfe1 Bd7 17. Na5 Nxc3 18. Nxb7 Ng4 19. Be7 Reb8 20. h3
Rxb7 21. hxg4 Bxg4 22. Be4 Nxe4 23. Rxe4 Re8 24. Rxg4 Rexe7 25. Rc1 g6 26. Rc2
Re5 27. Rgc4 Rb1+ 28. Kh2 Kg7 29. Ra4 a5 30. Rf4 Rb7 31. g3 h5 32. Kg2 g5 33.
Rfc4 Rd5 34. Rc5 Rb5 35. Rxb5 Rxb5 36. Rc6 f6 37. Ra6 Kg6 38. a4 Rc5 39. Kg1
Kf5 40. Kg2 Ke5 41. Kh3 f5 42. Rg6 g4+ 43. Kh4 Ke4 44. Rb6 f4 45. gxf4 Kxf4 46.
Rf6+ Ke4 47. Rh6 Rc1 48. Re6+ Kf3 49. Rf6+ Kg2 50. Kxh5 Rc4 51. Rf5 Rxa4 52.
Kg5 Kh3 53. Rc5 Ra3 54. Rc4 Rb3 55. Ra4 Rb5+ 56. Kg6 Rb2 57. Rf4 a4 58. Rxa4
Rxf2 59. Kg5 g3 0-1

[Event "USCL Week 9"]
[Site "Internet Chess Club"]
[Date "2011.10.24"]
[Round "?"]
[White "Schmakel, Sam"]
[Black "Rosenthal, Nicholas"]
[Result "1-0"]
[WhiteElo "2190"]
[BlackElo "2062"]
[PlyCount "95"]
[EventDate "2011.??.??"]

1. e4 e6 2. d4 d5 3. Nc3 Nf6 4. e5 Nfd7 5. f4 c5 6. Nf3 Nc6 7. Be3 Qb6 8. Qd2
Qxb2 9. Rb1 Qa3 10. Nb5 Qxa2 11. Rd1 Rb8 12. dxc5 Nxc5 13. Nc7+ Kd8 14. Nxd5
exd5 15. Bxc5 Bxc5 16. Qxd5+ Qxd5 17. Rxd5+ Bd7 18. Rxc5 b6 19. Rd5 Ke7 20. Bb5
a6 21. e6 Bxe6 22. Bxc6 Rhc8 23. Re5 Rxc6 24. f5 Rxc2 25. O-O Rc5 26. Rxc5 bxc5
27. fxe6 fxe6 28. Ra1 Ra8 29. Ne5 Kd6 30. Nc4+ Kc6 31. Kf2 Kb5 32. Nd6+ Kc6 33.
Ne4 a5 34. Ke3 Kd5 35. Rd1+ Kc4 36. Rc1+ Kb4 37. Nxc5 a4 38. Nd3+ Kb3 39. Kd2
a3 40. Rb1+ Ka2 41. Rb7 Ka1 42. Rxg7 Rb8 43. Ra7 a2 44. Rc7 e5 45. Rc1+ Rb1 46.
Kc2 e4 47. Nc5 e3 48. Nb3# 1-0

[Event "USCL Week 9"]
[Site "Internet Chess Club"]
[Date "2011.10.24"]
[Round "?"]
[White "Young, Angelo"]
[Black "Rodriguez, Eric"]
[Result "1/2-1/2"]
[WhiteElo "2415"]
[BlackElo "2397"]
[PlyCount "83"]
[EventDate "2011.??.??"]

1. Nf3 c5 2. g3 Nf6 3. Bg2 g6 4. O-O Bg7 5. c4 Nc6 6. Nc3 O-O 7. d3 a6 8. h3 d6
9. Be3 Bd7 10. Qd2 b5 11. cxb5 axb5 12. Nxb5 Qb6 13. Nc3 Nd4 14. g4 Bc6 15.
Rfb1 Nxf3+ 16. Bxf3 Bxf3 17. exf3 Qc6 18. Qe2 Nd5 19. Bd2 Rfb8 20. Nxd5 Qxd5
21. Bc3 Rxa2 22. Qe4 Rxa1 23. Rxa1 Qxe4 24. fxe4 Bxc3 25. bxc3 Rb3 26. Rc1 Rb2
27. Re1 Rc2 28. c4 Rd2 29. Re3 f6 30. Kf1 g5 31. Ke1 Ra2 32. h4 h6 33. hxg5
hxg5 34. Re2 Ra1+ 35. Kd2 Kf7 36. Ke3 Ke6 37. f3 Ke5 38. Rh2 Re1+ 39. Kf2 Ra1
40. Ke3 Re1+ 41. Kf2 Ra1 42. Ke3 1/2-1/2

[Event "USCL Week 9"]
[Site "Internet Chess Club"]
[Date "2011.10.24"]
[Round "?"]
[White "Becerra, Julio"]
[Black "Friedel, Josh"]
[Result "1-0"]
[WhiteElo "2640"]
[BlackElo "2609"]
[PlyCount "119"]
[EventDate "2011.??.??"]

1. e4 e5 2. Nf3 Nc6 3. Bb5 Nf6 4. d4 exd4 5. O-O a6 6. Bxc6 dxc6 7. e5 Ne4 8.
Re1 Nc5 9. Bg5 Qd5 10. Nxd4 Ne6 11. Nxe6 Bxe6 12. Qh5 Qc4 13. Nc3 Qg4 14. Qxg4
Bxg4 15. Ne4 h6 16. Bh4 a5 17. f4 h5 18. h3 Be6 19. Rad1 Be7 20. Bxe7 Kxe7 21.
a3 a4 22. Kf2 h4 23. Rd4 Bf5 24. Re2 Rhd8 25. Rxd8 Rxd8 26. Ke3 Bxe4 27. Kxe4
c5 28. Kf5 c4 29. c3 Rh8 30. Kg5 g6 31. Re4 b5 32. Rd4 Ke6 33. Kg4 f6 34. exf6
Kxf6 35. Rd5 Re8 36. Rxb5 Re2 37. Kf3 Rd2 38. Rb4 Kf5 39. Rxa4 Rxb2 40. Rxc4
Ra2 41. a4 Kf6 42. Rc6+ Kf5 43. Rc5+ Ke6 44. a5 Kf6 45. Rc6+ Kf5 46. Rxc7 Rxa5
47. Rf7+ Ke6 48. Rh7 Kf5 49. Rxh4 Ra3 50. g4+ Kf6 51. Rh7 Rxc3+ 52. Ke4 Rc4+
53. Ke3 Rc3+ 54. Kd4 Ra3 55. g5+ Ke6 56. Ke4 Ra4+ 57. Kf3 Ra1 58. Rg7 Rf1+ 59.
Ke3 Re1+ 60. Kf2 1-0

[Event "USCL Week 9"]
[Site "Internet Chess Club"]
[Date "2011.10.24"]
[Round "?"]
[White "Martirosov, Vadim"]
[Black "Zimmer, Ralph"]
[Result "1/2-1/2"]
[WhiteElo "2329"]
[BlackElo "2280"]
[PlyCount "140"]
[EventDate "2011.??.??"]

1. e4 c5 2. Nf3 e6 3. Nc3 Nc6 4. d4 cxd4 5. Nxd4 Nf6 6. Ndb5 Bb4 7. a3 Bxc3+ 8.
Nxc3 d5 9. Bd3 Ne5 10. exd5 Nxd3+ 11. Qxd3 Nxd5 12. Nxd5 Qxd5 13. Qxd5 exd5 14.
Be3 Bf5 15. O-O-O Be6 16. Bd4 O-O 17. g4 f6 18. Rhg1 b6 19. Rd3 Rac8 20. h4 Rc7
21. f4 Rfc8 22. Rg2 Kf7 23. h5 Bd7 24. b3 Re8 25. Re3 Rxe3 26. Bxe3 Rc8 27. g5
Bh3 28. Rh2 Bf5 29. Bd4 Re8 30. h6 Re4 31. c3 Rxf4 32. hxg7 fxg5 33. Rh5 Rg4
34. Bf6 Bg6 35. Rxg5 Rxg5 36. Bxg5 Kxg7 37. Kd2 Kf7 38. Ke3 Ke6 39. Kf4 Kd6 40.
Bf6 Bc2 41. b4 Kc6 42. Ke3 h5 43. Kd2 Bb3 44. Bh4 Kb5 45. Bg3 a5 46. bxa5 bxa5
47. Bh4 Kc4 48. Bd8 a4 49. Be7 Ba2 50. Kc2 Bb3+ 51. Kd2 Kb5 52. Kd3 Kc6 53. Bh4
Kd6 54. Ke3 Ke5 55. Be7 Kf5 56. Kf3 Bd1+ 57. Kg3 Be2 58. Kh4 Ke4 59. Bb4 Kd3
60. Kg3 Kc4 61. Kh4 Bd1 62. Kg3 Kb3 63. Kh4 Be2 64. Kg3 Kc2 65. Kh4 Kd3 66. Kg3
Ke4 67. Kh4 Bd1 68. Ba5 Be2 69. Bb4 Bd1 70. Ba5 Kd3 1/2-1/2

[Event "USCL Week 9"]
[Site "Internet Chess Club"]
[Date "2011.10.24"]
[Round "?"]
[White "Enkhbat, Tegshsuren"]
[Black "van de Mortel, Jan"]
[Result "1/2-1/2"]
[WhiteElo "2426"]
[BlackElo "2499"]
[PlyCount "137"]
[EventDate "2011.??.??"]

1. d4 d5 2. c4 c6 3. Nf3 Nf6 4. Qb3 dxc4 5. Qxc4 Bf5 6. g3 e6 7. Bg2 Nbd7 8.
O-O Be7 9. Rd1 O-O 10. e3 Qc7 11. h3 c5 12. Nc3 Ne4 13. Nd2 Nd6 14. Qe2 cxd4
15. exd4 Nf6 16. Nb3 Rad8 17. Bf4 b6 18. Rac1 Qd7 19. g4 Bg6 20. Nc5 Qe8 21.
Na6 Rc8 22. a4 Qd7 23. d5 exd5 24. Nxd5 Nxd5 25. Rxd5 Rxc1+ 26. Bxc1 Qe6 27.
Qxe6 fxe6 28. Rd4 e5 29. Rd5 Rc8 30. Bd2 Bf7 31. Rxe5 Bf6 32. Re1 Nc4 33. Bc3
Nxb2 34. Bxf6 gxf6 35. Re7 Rc4 36. Nb8 Rxa4 37. Nd7 Rf4 38. Kh2 Rxf2 39. Kg3
Nd1 40. Bf3 Rd2 41. Nxf6+ Kf8 42. Rxa7 h6 43. Rb7 Nc3 44. Nd7+ Kg8 45. Ne5 Bd5
46. Rxb6 Ne2+ 47. Bxe2 Rxe2 48. Nd7 Kg7 49. Nf6 Bf7 50. Nd7 Re7 51. Rd6 Re3+
52. Kh4 Bc4 53. Nf6 Bf7 54. Nd7 Bc4 55. Rd1 Rd3 56. Rxd3 Bxd3 57. Ne5 Bb5 58.
Kg3 Kf6 59. Kf4 Bf1 60. h4 Bb5 61. Nf3 Bd7 62. Nd4 Kg6 63. h5+ Kh7 64. Nf5 Bb5
65. Ke5 Be2 66. Ne3 Kg7 67. Nf5+ Kh7 68. Ne3 Kg7 69. Nf5+ 1/2-1/2

[Event "USCL Week 9"]
[Site "Internet Chess Club"]
[Date "2011.10.24"]
[Round "?"]
[White "Pelaez, Jorge"]
[Black "Rosen, Eric"]
[Result "1-0"]
[WhiteElo "2264"]
[BlackElo "2333"]
[PlyCount "101"]
[EventDate "2011.??.??"]

1. d4 Nf6 2. c4 e6 3. Nc3 d5 4. cxd5 exd5 5. Bg5 c6 6. Qc2 g6 7. e3 Bf5 8. Qb3
b6 9. Nf3 h6 10. Bh4 Be7 11. Be2 O-O 12. O-O Ne4 13. Bxe7 Qxe7 14. Nxe4 Bxe4
15. Rac1 Rc8 16. Ne5 Bf5 17. Bf3 Be6 18. Rc3 Qd6 19. Rfc1 c5 20. Qa3 Rd8 21.
Nc4 Qc7 22. dxc5 bxc5 23. Qa5 Qxa5 24. Nxa5 Nd7 25. b3 Rdc8 26. Nb7 c4 27. Nd6
Rc6 28. Nb5 Ne5 29. Nd4 Nxf3+ 30. gxf3 Rc5 31. Kf1 Rac8 32. Ke2 Bd7 33. Kd2 Kf8
34. h4 Ke7 35. b4 R5c7 36. Ra3 Rb8 37. Kc3 Rb6 38. Ra5 Be6 39. f4 Rcb7 40. f3
Rd6 41. h5 Kf6 42. Rg1 Re7 43. e4 dxe4 44. fxe4 Rd8 45. e5+ Kg7 46. f5 Red7 47.
fxe6 Rxd4 48. e7 Rd3+ 49. Kxc4 R8d4+ 50. Kb5 a6+ 51. Kxa6 1-0

[Event "USCL Week 9"]
[Site "Internet Chess Club"]
[Date "2011.10.24"]
[Round "?"]
[White "Molner, Mackenzie"]
[Black "Abrahamyan, Tatev"]
[Result "0-1"]
[WhiteElo "2482"]
[BlackElo "2415"]
[PlyCount "72"]
[EventDate "2011.??.??"]

1. e4 e6 2. d4 d5 3. Nc3 Bb4 4. e5 Ne7 5. a3 Bxc3+ 6. bxc3 c5 7. Qg4 O-O 8. Bd3
Nbc6 9. Bg5 Qa5 10. Ne2 Ng6 11. O-O c4 12. Bxg6 fxg6 13. a4 Bd7 14. f3 Rf7 15.
h4 Ne7 16. Qh3 Re8 17. Rfb1 b6 18. Kf2 Nf5 19. g4 Ne7 20. h5 gxh5 21. Qxh5 Ref8
22. f4 Be8 23. Qh2 Ng6 24. Rh1 h6 25. Ke3 Nxf4 26. Bxf4 Rxf4 27. Kd2 Rf2 28.
Qg1 Rxe2+ 29. Kxe2 Qxc3 30. Qe3 Qxc2+ 31. Ke1 Bg6 32. Rf1 Rxf1+ 33. Kxf1 Bd3+
34. Kg1 Be4 35. Qf2 Qc3 36. Re1 Qh3 0-1

[Event "USCL Week 9"]
[Site "Internet Chess Club"]
[Date "2011.10.24"]
[Round "?"]
[White "Gupta, Ankit"]
[Black "Altounian, Levon"]
[Result "0-1"]
[WhiteElo "2309"]
[BlackElo "2483"]
[PlyCount "64"]
[EventDate "2011.??.??"]

1. e4 g6 2. d4 Bg7 3. Nc3 c6 4. Be3 d5 5. exd5 cxd5 6. Bb5+ Bd7 7. Bxd7+ Qxd7
8. Nh3 Nc6 9. Nf4 e6 10. Nd3 Nge7 11. Nc5 Qc7 12. Qd2 Nf5 13. Ne2 Ncxd4 14.
Nxd4 Nxe3 15. Ndxe6 Nxg2+ 16. Kf1 fxe6 17. Nxe6 Qc4+ 18. Kxg2 Qg4+ 19. Kf1 Qxe6
20. Re1 Be5 21. Qe3 O-O 22. Qxe5 Qh3+ 23. Kg1 Rf5 24. Qg3 Qh6 25. Qe3 Qh4 26.
h3 Rg5+ 27. Kf1 Rf8 28. b3 d4 29. Qe2 Qg3 30. Qc4+ Kg7 31. Qxd4+ Kh6 32. Ke2
Qf3+ 0-1

[Event "USCL Week 9"]
[Site "Internet Chess Club"]
[Date "2011.10.24"]
[Round "?"]
[White "Yanayt, Eugene"]
[Black "Atoufi, Pedram"]
[Result "1-0"]
[WhiteElo "2305"]
[BlackElo "2326"]
[PlyCount "83"]
[EventDate "2011.??.??"]

1. d4 Nf6 2. c4 g6 3. Nc3 Bg7 4. e4 d6 5. Nf3 O-O 6. Be2 Na6 7. O-O e5 8. Be3
Ng4 9. Bg5 Qe8 10. dxe5 dxe5 11. Qc1 h6 12. Bd2 Kh7 13. c5 c6 14. h3 Nf6 15.
Bxa6 bxa6 16. Be3 Qe7 17. Rd1 Ne8 18. Qc2 f5 19. exf5 gxf5 20. Re1 Rg8 21. Rad1
Bf6 22. g3 Qg7 23. Kh2 Kh8 24. Rg1 Qf7 25. Nd2 Nc7 26. f4 e4 27. Nb3 Ne6 28.
Na5 h5 29. Nxc6 h4 30. g4 fxg4 31. hxg4 Bg7 32. Nxe4 Bd7 33. Qf2 Bf6 34. Nxf6
Bxc6 35. Nxg8 Rxg8 36. f5 Qc7+ 37. Rd6 Rf8 38. Qxh4+ Kg8 39. fxe6 Be4 40. e7
Re8 41. Qg5+ Kh7 42. Rg3 1-0

[Event "USCL Week 9"]
[Site "Internet Chess Club"]
[Date "2011.10.26"]
[Round "?"]
[White "Williams, Justus"]
[Black "Wu, Christopher"]
[Result "0-1"]
[WhiteElo "2239"]
[BlackElo "2151"]
[PlyCount "52"]
[EventDate "2011.??.??"]

1. e4 c5 2. Nf3 d6 3. d4 cxd4 4. Nxd4 Nf6 5. Nc3 a6 6. Bc4 e6 7. Bb3 Nbd7 8.
Qf3 Nc5 9. Bg5 Be7 10. O-O-O Qc7 11. g4 b5 12. Bxf6 Bxf6 13. Ncxb5 axb5 14.
Nxb5 Qc6 15. Nxd6+ Ke7 16. Rhe1 Bd7 17. c3 Nxb3+ 18. axb3 Rhb8 19. Kc2 Rxb3 20.
g5 Rxc3+ 21. bxc3 Ra2+ 22. Kb1 Qa4 23. gxf6+ gxf6 24. Nf5+ Kf8 25. Nd4 Ra1+ 26.
Kb2 Qa2# 0-1

[Event "USCL Week 9"]
[Site "Internet Chess Club"]
[Date "2011.10.26"]
[Round "?"]
[White "Korley, Kassa"]
[Black "Yedidia, Jonathan"]
[Result "1-0"]
[WhiteElo "2368"]
[BlackElo "2428"]
[PlyCount "111"]
[EventDate "2011.??.??"]

1. e4 e5 2. Nf3 Nc6 3. Bb5 Nf6 4. O-O Nxe4 5. d4 Nd6 6. Bxc6 dxc6 7. dxe5 Nf5
8. Qxd8+ Kxd8 9. b3 h6 10. Bb2 Be6 11. h3 c5 12. c4 Kd7 13. Nbd2 a5 14. a4 Kc6
15. Ne4 Rd8 16. Rad1 Be7 17. g4 Nh4 18. Nxh4 Bxh4 19. f4 g6 20. Kg2 Rxd1 21.
Rxd1 h5 22. Kf3 Be7 23. Ng3 hxg4+ 24. hxg4 Rh3 25. Rh1 Rxh1 26. Nxh1 Bh4 27.
Bc1 Be1 28. Be3 Bc8 29. Bf2 Bc3 30. Ng3 Bd4 31. Ne4 Bxf2 32. Nxf2 b6 33. Ne4
Kd7 34. f5 gxf5 35. gxf5 Ke7 36. Kf4 c6 37. Nd6 Bd7 38. Ne4 Bc8 39. e6 fxe6 40.
f6+ Kd7 41. Ke5 Bb7 42. Ng5 Bc8 43. Ne4 Bb7 44. Nd6 Ba6 45. f7 Ke7 46. f8=Q+
Kxf8 47. Kxe6 b5 48. axb5 cxb5 49. cxb5 Bc8+ 50. Nxc8 c4 51. bxc4 a4 52. b6 a3
53. b7 a2 54. b8=Q a1=Q 55. Ne7+ Kg7 56. Qg8+ 1-0

[Event "USCL Week 9"]
[Site "Internet Chess Club"]
[Date "2011.10.26"]
[Round "?"]
[White "Bournival, Braden"]
[Black "Simpson, Ron"]
[Result "1-0"]
[WhiteElo "2396"]
[BlackElo "2317"]
[PlyCount "61"]
[EventDate "2011.??.??"]

1. e4 c5 2. Nf3 d6 3. d4 cxd4 4. Nxd4 Nf6 5. Nc3 g6 6. Be3 Bg7 7. f3 Nc6 8. Qd2
O-O 9. O-O-O Rb8 10. g4 Be6 11. Kb1 d5 12. g5 Nh5 13. Nxe6 fxe6 14. exd5 exd5
15. Qxd5+ Qxd5 16. Nxd5 e6 17. Nc7 Rxf3 18. Bc1 Nd4 19. Bc4 Rc8 20. Rxd4 Rxc7
21. Bxe6+ Kf8 22. Re4 Rf2 23. Bb3 Re7 24. Rxe7 Kxe7 25. Be3 Rf5 26. Re1 Kf8 27.
h4 b6 28. Bd2 Bd4 29. a4 Nf4 30. Re4 Bf2 31. Bxf4 1-0

[Event "USCL Week 9"]
[Site "Internet Chess Club"]
[Date "2011.10.26"]
[Round "?"]
[White "Fedorowicz, John"]
[Black "Fishbein, Alex"]
[Result "1/2-1/2"]
[WhiteElo "2523"]
[BlackElo "2563"]
[PlyCount "98"]
[EventDate "2011.??.??"]

1. d4 Nf6 2. c4 g6 3. Nc3 Bg7 4. e4 d6 5. Bd3 O-O 6. Nge2 c6 7. O-O a6 8. Bg5
b5 9. Qd2 Nbd7 10. b3 Rb8 11. Rad1 bxc4 12. Bxc4 Bb7 13. Bd3 c5 14. d5 Nb6 15.
Bc2 a5 16. Rb1 Re8 17. Rfd1 Qc8 18. h3 Ba6 19. Ng3 Nfd7 20. Kh1 a4 21. Bh6 Bh8
22. Nce2 axb3 23. axb3 Ra8 24. f4 Bxe2 25. Nxe2 Qa6 26. Qe1 Qa2 27. Bd3 c4 28.
bxc4 Qa5 29. Ng3 Qxe1+ 30. Rxe1 Ra3 31. Red1 Nc5 32. Rxb6 Nxd3 33. Rdb1 Nb2 34.
Kh2 Nxc4 35. Rb8 Ra8 36. Rxe8+ Rxe8 37. Rb4 Nb2 38. Rb7 Nd3 39. Bg5 f6 40. Bh6
Kf7 41. Ra7 Rc8 42. Ra3 Nc5 43. h4 Bg7 44. Bxg7 Kxg7 45. Kh3 Rb8 46. h5 Rb4 47.
Re3 Rb3 48. Rxb3 Nxb3 49. hxg6 hxg6 1/2-1/2

[Event "USCL Week 9"]
[Site "Internet Chess Club"]
[Date "2011.10.26"]
[Round "?"]
[White "Jones, Craig"]
[Black "Goldberg, Ben"]
[Result "0-1"]
[WhiteElo "2305"]
[BlackElo "2230"]
[PlyCount "80"]
[EventDate "2011.??.??"]

1. Nf3 Nf6 2. c4 g6 3. Nc3 d5 4. cxd5 Nxd5 5. Qb3 Nb6 6. d4 Bg7 7. Bf4 O-O 8.
e4 c5 9. dxc5 N6d7 10. Qa3 Nc6 11. Be2 b6 12. cxb6 Qxb6 13. O-O a5 14. Rac1 Nb4
15. Rfd1 Nf6 16. Ne5 Be6 17. Na4 Qa7 18. Nc5 Nxa2 19. Nc6 Nxc1 20. Rxc1 Qb6 21.
Nxe6 fxe6 22. Be3 Qb7 23. f3 a4 24. Bd4 Bh6 25. Rc4 Qb3 26. Nxe7+ Kf7 27. Qxb3
axb3 28. Rc7 Ra1+ 29. Kf2 Nxe4+ 30. fxe4 Ke8+ 31. Bf3 Rf7 32. Bc5 Rc1 33. Rc8+
Kd7 34. Rb8 Rxc5 35. Ng8 Rc2+ 36. Ke1 Bg7 37. Rxb3 Rf8 38. Rb7+ Rc7 39. Rxc7+
Kxc7 40. Ne7 Kd6 0-1

[Event "USCL Week 9"]
[Site "Internet Chess Club"]
[Date "2011.10.26"]
[Round "?"]
[White "Holt, Conrad"]
[Black "Pruess, David"]
[Result "1-0"]
[WhiteElo "2520"]
[BlackElo "2414"]
[PlyCount "81"]
[EventDate "2011.??.??"]

1. d4 Nf6 2. c4 g6 3. Nc3 Bg7 4. e4 d6 5. Nf3 O-O 6. h3 e5 7. d5 Nbd7 8. Bg5
Qe7 9. Qc1 a5 10. Nh2 c6 11. Be2 Nc5 12. Ng4 Bd7 13. Qe3 Nxg4 14. Bxe7 Nxe3 15.
fxe3 Rfe8 16. Bxd6 Bf8 17. Bxf8 Rxf8 18. O-O Kg7 19. Rad1 Ra6 20. b3 Rb6 21.
dxc6 bxc6 22. Rd6 Rfb8 23. Na4 Nxa4 24. Rxd7 Nc5 25. Rfxf7+ Kg8 26. Rg7+ Kf8
27. Rdf7+ Ke8 28. Rc7 Kd8 29. Rcf7 Ke8 30. Re7+ Kf8 31. Rxh7 R6b7 32. Rhf7+ Kg8
33. Rg7+ Kf8 34. Rxb7 Rxb7 35. Rxg6 Nxe4 36. Bf3 Nc3 37. Bxc6 Rb6 38. c5 Rb4
39. Bd7 Nxa2 40. c6 Ke7 41. Bf5 1-0

[Event "USCL Week 9"]
[Site "Internet Chess Club"]
[Date "2011.10.26"]
[Round "?"]
[White "Benjamin, Joel"]
[Black "Kacheishvili, Giorgi"]
[Result "0-1"]
[WhiteElo "2640"]
[BlackElo "2653"]
[PlyCount "94"]
[EventDate "2011.??.??"]

1. d4 Nf6 2. c4 e6 3. Nc3 Bb4 4. e3 O-O 5. Bd3 d5 6. cxd5 exd5 7. Nge2 Re8 8.
Bd2 Bf8 9. O-O b6 10. Nf4 c5 11. Qf3 Bb7 12. dxc5 bxc5 13. Rfd1 Nbd7 14. Qh3 g6
15. Bb5 Re5 16. Nce2 Nb6 17. Bc3 Rg5 18. a4 Rb8 19. Bd3 Bg7 20. Qh4 h6 21. f3
Qe8 22. a5 Na4 23. Qf2 Bc6 24. h4 Nxc3 25. Nxc3 Re5 26. Re1 c4 27. Bf1 Bf8 28.
Nfe2 Rxb2 29. Rab1 Rxb1 30. Rxb1 Rxe3 31. Ne4 Nxe4 32. fxe4 Qxe4 33. Rb8 Kg7
34. h5 g5 35. Ng3 Rxg3 36. Qxg3 Bc5+ 37. Kh1 Qd4 38. Qh2 Bd7 39. Rb7 Bg4 40.
Rc7 Be6 41. a6 Qe3 42. Rxc5 Qxc5 43. Qe5+ Kh7 44. Be2 Qa3 45. Bd1 Qc1 46. Qd4
Kg8 47. Kg1 c3 0-1

[Event "USCL Week 9"]
[Site "Internet Chess Club"]
[Date "2011.10.26"]
[Round "?"]
[White "Shen, Arthur"]
[Black "Herman, Matt"]
[Result "1-0"]
[WhiteElo "2291"]
[BlackElo "2426"]
[PlyCount "137"]
[EventDate "2011.??.??"]

1. e4 c5 2. Nf3 d6 3. d4 cxd4 4. Nxd4 Nf6 5. Nc3 Nc6 6. Bg5 Qb6 7. Nb3 e6 8.
Qd2 a6 9. Be2 Be7 10. f4 O-O 11. O-O-O Rd8 12. g4 d5 13. Bxf6 Bxf6 14. exd5 Nb4
15. Na4 Nxa2+ 16. Kb1 Qb4 17. Qxb4 Nxb4 18. Nb6 Bd7 19. Nxa8 Rxa8 20. Nc5 Be8
21. dxe6 fxe6 22. Bc4 Be7 23. Bxe6+ Kh8 24. Nd3 Bc6 25. Rhe1 Bf3 26. Rc1 Nxd3
27. cxd3 Bb4 28. Re3 Bc6 29. Rc2 Rd8 30. Bf5 Bd6 31. Rh3 h6 32. Be4 Bxe4 33.
dxe4 Bxf4 34. Re2 Re8 35. Rd3 Re7 36. Rd5 Be5 37. Kc2 Kg8 38. Rf2 g6 39. Kd3
Kg7 40. h3 Bg3 41. Rg2 Be5 42. Ke3 Kf6 43. Rf2+ Ke6 44. Rf8 Bxb2 45. Rdd8 Rh7
46. Rfe8+ Kf6 47. h4 Be5 48. Rf8+ Ke6 49. Rfe8+ Re7 50. Kd3 Bf6 51. h5 gxh5 52.
gxh5 Be5 53. Kc4 Bf4 54. Rxe7+ Kxe7 55. Rg8 Ke6 56. Re8+ Kf7 57. Rh8 Ke6 58.
Re8+ Kf7 59. Rc8 Ke6 60. Kc5 Be3+ 61. Kc4 Bf4 62. Rf8 Be5 63. Rg8 Bf4 64. Kd4
Be5+ 65. Ke3 Kf7 66. Rg6 Bf6 67. Kf4 a5 68. Kf5 Bd8 69. Rxh6 1-0

[Event "USCL Week 9"]
[Site "Internet Chess Club"]
[Date "2011.10.26"]
[Round "?"]
[White "Kraai, Jesse"]
[Black "Sadorra, Julio"]
[Result "1-0"]
[WhiteElo "2567"]
[BlackElo "2561"]
[PlyCount "57"]
[EventDate "2011.??.??"]

1. e4 c5 2. Nf3 e6 3. d4 cxd4 4. Nxd4 Nc6 5. Nc3 Qc7 6. Be3 a6 7. Bd3 Nf6 8.
O-O h5 9. h3 b5 10. Nxc6 Qxc6 11. Re1 b4 12. Ne2 Bb7 13. Nd4 Qc7 14. Bg5 Qe5
15. Nf3 Qxb2 16. a3 a5 17. Bd2 Bc5 18. Rb1 Qxa3 19. Ne5 Ba6 20. Bxa6 Rxa6 21.
Nd3 Bd4 22. c3 bxc3 23. Rb8+ Ke7 24. Bc1 Qa2 25. Rxh8 Rd6 26. e5 Bxe5 27. Rxe5
Qb1 28. Re3 Nd5 29. Re1 1-0

[Event "USCL Week 9"]
[Site "Internet Chess Club"]
[Date "2011.10.26"]
[Round "?"]
[White "Rich, Tony"]
[Black "Sinanan, Joshua"]
[Result "1-0"]
[WhiteElo "1993"]
[BlackElo "2288"]
[PlyCount "53"]
[EventDate "2011.??.??"]

1. e4 c5 2. Nf3 d6 3. d4 cxd4 4. Nxd4 Nf6 5. Nc3 a6 6. Bg5 e6 7. f4 Nbd7 8. Qf3
Qc7 9. O-O-O b5 10. g4 Be7 11. Bxf6 Nxf6 12. g5 Nd7 13. f5 Bxg5+ 14. Kb1 Ne5
15. Qh5 Bf6 16. fxe6 O-O 17. Nd5 Qd8 18. Bh3 fxe6 19. Bxe6+ Kh8 20. Qh3 g6 21.
Bxc8 Qxc8 22. Ne6 Bd8 23. Ndf4 Re8 24. Rxd6 Bc7 25. Nxg6+ Kg8 26. Nxe5 Rxe6 27.
Rg1+ 1-0